| 000 | 00383nam a2200145Ia 4500 | ||
|---|---|---|---|
| 008 | 240729s9999 xx 000 0 und d | ||
| 022 | _a2627-5848 | ||
| 245 | 0 | _aResearch in Film and History | |
| 260 | _aGermany | ||
| 260 | _bUniversity of Bremen | ||
| 650 | _aGeneral Works | ||
| 856 | _uhttps://doaj.org/toc/ad7844830e63418ea0fedb82ea53e856 | ||
| 942 | _2ddc | ||
| 942 | _cDOAJEJ | ||
| 999 |
_c69348 _d69348 |
||
| 945 |
_a1 _bMadushi Gamage _c1 _dMadushi Gamage |
||